[Event "Championnat de France des Jeunes - Pupil"]
[Site "TROYES"]
[Date "2010.04.12"]
[Round "3.10"]
[White "Meunier, Clement"]
[Black "Collinet, Nicolas"]
[Result "1-0"]
[WhiteElo "1813"]
[BlackElo "1422"]
[PlyCount "63"]
[EventDate "2010.??.??"]

1. e4 e5 2. Nf3 Nc6 3. Bb5 a6 4. Ba4 Nf6 5. O-O Be7 6. Re1 b5 7. Bb3 O-O 8. h3
Na5 9. Nxe5 Nxb3 10. axb3 Bb7 11. d3 d5 12. Nd2 Bd6 13. Nef3 dxe4 14. dxe4 Re8
15. e5 Bxf3 16. Nxf3 Bxe5 17. Qxd8 Raxd8 18. Nxe5 Nd7 19. Bf4 g5 20. Bxg5 f6
21. Nxd7 Rxe1+ 22. Rxe1 fxg5 23. Nc5 Rd2 24. Rc1 Rd6 25. Ne4 Rg6 26. Rd1 Rc6
27. c3 h6 28. Kf1 Kf7 29. b4 Ke6 30. Nc5+ Ke5 31. Ke2 Kf4 32. Rd5 1-0

[Event "Championnat de France des Jeunes - Pupil"]
[Site "TROYES"]
[Date "2010.04.12"]
[Round "3.1"]
[White "Joudelat, Noemie"]
[Black "Broly, Marine"]
[Result "1-0"]
[WhiteElo "1763"]
[BlackElo "1590"]
[PlyCount "57"]

1. e4 e5 2. Nf3 Nc6 3. Bc4 Bc5 4. c3 Nf6 5. d4 exd4 6. cxd4 Bb4+ 7. Bd2 Bxd2+
8. Nbxd2 d5 9. exd5 Nxd5 10. Qe2+ Nce7 11. O-O O-O 12. h3 Re8 13. Rfe1 h6 14.
Ne5 Be6 15. Qf3 c6 16. a3 Rf8 17. Ne4 Qb6 18. Qd3 Bf5 19. Qd2 Rad8 20. Nc5 Nf6
21. b4 Rd6 22. Nxf7 Rxf7 23. Rxe7 Nd5 24. Rxf7 Kxf7 25. Qe3 Rg6 26. Re1 Qc7 27.
Qe8+ Kf6 28. Qf8+ Qf7 29. Qd8+ 1-0

[Event "Championnat de France des Jeunes - Pupil"]
[Site "TROYES"]
[Date "2010.04.12"]
[Round "3.2"]
[White "Thomas, Apolline"]
[Black "Duval, Claire"]
[Result "1/2-1/2"]
[WhiteElo "1600"]
[BlackElo "1750"]
[PlyCount "110"]
[EventDate "2010.??.??"]

1. d4 d5 2. c4 e6 3. Nc3 Nf6 4. Nf3 Nbd7 5. Bg5 Be7 6. e3 O-O 7. Bd3 Re8 8. O-O
b6 9. cxd5 exd5 10. Rc1 c5 11. b3 Bb7 12. Qe2 a6 13. Na4 Ne4 14. Bxe7 Qxe7 15.
dxc5 bxc5 16. Nd2 Nxd2 17. Qxd2 g6 18. Qa5 Rac8 19. Nb6 Nxb6 20. Qxb6 Rc6 21.
Qa5 Rec8 22. Qa3 Re6 23. Rfd1 d4 24. exd4 Qg5 25. Bf1 cxd4 26. Rxc8+ Bxc8 27.
Rxd4 Re1 28. Qb4 Qc1 29. Qc4 Qxc4 30. Rxc4 Bd7 31. a4 Be6 32. Rc3 Rb1 33. f3
Bxb3 34. Kf2 Bxa4 35. Bxa6 Rb2+ 36. Kg3 Bb5 37. Rc8+ Kg7 38. Rb8 Rxg2+ 39. Kxg2
Bxa6 40. Rb6 Bd3 41. Kg3 Bf5 42. h4 h5 43. Kf4 Be6 44. Kg5 Bf5 45. Rf6 Be6 46.
Rf4 Bf5 47. Rxf5 gxf5 48. Kxf5 f6 49. f4 Kf7 50. Ke4 Ke6 51. f5+ Ke7 52. Kd5
Kd7 53. Ke4 Ke7 54. Kd5 Kd7 55. Kc5 Kc7 1/2-1/2

[Event "Championnat de France des Jeunes - Pupil"]
[Site "TROYES"]
[Date "2010.04.12"]
[Round "3.3"]
[White "Auvray, Honorine"]
[Black "Quelennec, Amelie"]
[Result "1-0"]
[WhiteElo "1713"]
[BlackElo "1530"]
[PlyCount "101"]
[EventDate "2010.??.??"]

1. e4 b6 2. d4 Bb7 3. Nc3 e6 4. Bd3 Bb4 5. Nge2 Nf6 6. O-O Bxc3 7. Nxc3 O-O 8.
e5 Nd5 9. Nxd5 Bxd5 10. Qh5 g6 11. Qh6 f6 12. Bf4 Bb7 13. Bxg6 hxg6 14. Qxg6+
Kh8 15. exf6 Rf7 16. Qxf7 Qg8 17. Qxg8+ Kxg8 18. Bxc7 Kf7 19. Be5 Nc6 20. f4
Rg8 21. g3 Rd8 22. d5 exd5 23. Rfd1 Nb4 24. c3 Nc2 25. Rac1 Ne3 26. Re1 Ng4 27.
Rcd1 Rh8 28. Rd2 Re8 29. Ree2 Ba6 30. Rg2 d6 31. h3 Ne3 32. Bd4 Nxg2 33. Kxg2
Kg6 34. g4 Kf7 35. Kg3 Bc4 36. b3 Ba6 37. h4 Rg8 38. h5 Ke6 39. f5+ Kf7 40. h6
Rh8 41. g5 Kf8 42. Rh2 Bd3 43. Kf4 Bb5 44. g6 Ke8 45. f7+ Ke7 46. Bxh8 Kf8 47.
Bg7+ Ke7 48. f8=Q+ Kd7 49. Qf7+ Kc6 50. Qe8+ Kc5 51. Bd4# 1-0

[Event "Championnat de France des Jeunes - Pupil"]
[Site "TROYES"]
[Date "2010.04.12"]
[Round "3.4"]
[White "Terrazzoni, Claire"]
[Black "Sauve, Anne-Charlotte"]
[Result "1-0"]
[WhiteElo "1530"]
[BlackElo "1690"]
[PlyCount "59"]
[EventDate "2010.??.??"]

1. e4 e5 2. Nf3 Nf6 3. Nxe5 d6 4. Nf3 Nxe4 5. Nc3 Nxc3 6. bxc3 Be7 7. Be2 d5 8.
d4 O-O 9. O-O Bg4 10. Be3 Nd7 11. Nd2 Bxe2 12. Qxe2 Re8 13. c4 dxc4 14. Qxc4
Nb6 15. Qd3 Bf6 16. Nb3 Qd6 17. Nc5 Qc6 18. Rad1 Nd5 19. Ne4 Nxe3 20. Nxf6+
Qxf6 21. fxe3 Qg5 22. Rf3 Rad8 23. c3 c5 24. Qc4 Qh5 25. Rdf1 Rf8 26. Rf5 Qg6
27. Rxc5 Qe4 28. Re5 Qc2 29. Re7 Rc8 30. Rexf7 1-0

[Event "Championnat de France des Jeunes - Pupil"]
[Site "TROYES"]
[Date "2010.04.12"]
[Round "3.5"]
[White "Malassagne, Isabelle"]
[Black "Chung, Mathilde"]
[Result "0-1"]
[WhiteElo "1680"]
[BlackElo "1527"]
[PlyCount "116"]
[EventDate "2010.??.??"]

1. c4 d6 2. Nc3 Nf6 3. g3 g6 4. Bg2 Bg7 5. Nf3 O-O 6. O-O c5 7. d3 Nc6 8. Rb1
Bf5 9. a3 Nd7 10. Nd5 Nb6 11. Nxb6 Qxb6 12. b4 cxb4 13. axb4 Rac8 14. b5 Nb8
15. Bb2 Nd7 16. Bxg7 Kxg7 17. Ra1 Nc5 18. Ra2 Rfd8 19. Nd4 Bd7 20. Qa1 e5 21.
Nc2 a6 22. bxa6 bxa6 23. Rb1 Qa7 24. Nb4 Rb8 25. Nd5 Rxb1+ 26. Qxb1 Rb8 27. Rb2
Rxb2 28. Qxb2 a5 29. Qa3 a4 30. Nc3 Qb6 31. Qa1 Qb3 32. Nxa4 Qxa4 33. Qxa4 Nxa4
34. Kf1 f5 35. e3 Nb2 36. Ke2 Kf6 37. Kd2 Na4 38. d4 exd4 39. exd4 Bc8 40. Bc6
Nb6 41. Kc3 Ba6 42. c5 dxc5 43. dxc5 Nc8 44. Kd4 Ne7 45. Bg2 Ke6 46. f4 Bb5 47.
Bf3 Bc6 48. Bxc6 Nxc6+ 49. Kc4 Na5+ 50. Kb5 Kd5 51. Kb6 Nc6 52. Kb5 Nb8 53. Kb6
Nd7+ 54. Kc7 Nxc5 55. Kd8 Ke6 56. h3 Ne4 57. g4 fxg4 58. hxg4 h5 0-1

[Event "Championnat de France des Jeunes - Pupil"]
[Site "TROYES"]
[Date "2010.04.12"]
[Round "3.6"]
[White "Olive, Aurianne"]
[Black "Fraval, Julie"]
[Result "0-1"]
[WhiteElo "1510"]
[BlackElo "1640"]
[PlyCount "188"]
[EventDate "2010.??.??"]

1. e4 c5 2. Nf3 d6 3. g3 Nf6 4. Nc3 g6 5. Bg2 Bg7 6. O-O O-O 7. d3 Nc6 8. Rb1
a6 9. a3 b5 10. b4 Nd7 11. Nd5 Nde5 12. Nxe5 Nxe5 13. bxc5 dxc5 14. c3 Nc6 15.
c4 e6 16. Nf4 Rb8 17. h4 b4 18. axb4 cxb4 19. Bb2 Nd4 20. h5 g5 21. Nh3 h6 22.
Re1 Qd6 23. f4 gxf4 24. gxf4 e5 25. f5 Rd8 26. Qg4 f6 27. Bc1 Kf8 28. Qg6 a5
29. Re3 a4 30. Rg3 Ne2+ 31. Kh2 Nxg3 32. Qxg3 Qxd3 33. Qxd3 Rxd3 34. Bf1 Rd1
35. Be2 Re1 36. Ng1 b3 37. Bd3 a3 38. Bxa3+ Ke8 39. Rxe1 Ba6 40. Ne2 b2 41. Nc3
Rb3 42. Bxb2 Rxb2+ 43. Kg1 Rb3 44. Rc1 Bf8 45. Kf2 Bb4 46. Nd5 Bd2 47. Rb1 Rxb1
48. Bxb1 Kf7 49. c5 Bb7 50. Nc7 Bb4 51. Ne6 Bc8 52. Ba2 Ke7 53. c6 Ba5 54. Ke3
Kd6 55. Bd5 Bb6+ 56. Kd3 Ba6+ 57. Kc3 Be2 58. Ng7 Bb5 59. Ne8+ Ke7 60. c7 Ba6
61. Bc6 Bxc7 62. Nxc7 Be2 63. Nd5+ Kf7 64. Nc7 Bxh5 65. Bd5+ Kg7 66. Ne6+ Kh8
67. Bc6 Bf3 68. Nf8 h5 69. Nd7 Kg7 70. Kc4 h4 71. Kd5 h3 72. Ke6 h2 73. Nxf6
h1=Q 74. Ne8+ Kf8 75. f6 Bg4+ 76. Kxe5 Qa1+ 77. Kf4 Bh5 78. e5 Bxe8 79. Bxe8
Kxe8 80. Kf5 Qa5 81. Ke6 Qc5 82. f7+ Kf8 83. Kf6 Qe7+ 84. Kf5 Qxf7+ 85. Ke4 Ke7
86. Kd4 Ke6 87. Ke4 Qf5+ 88. Kd4 Qxe5+ 89. Kd3 Kd5 90. Kc2 Qe3 91. Kd1 Qf2 92.
Kc1 Kc4 93. Kd1 Kc3 94. Kc1 Qf1# 0-1

[Event "Championnat de France des Jeunes - Pupil"]
[Site "TROYES"]
[Date "2010.04.12"]
[Round "3.7"]
[White "Baldi, Valentine"]
[Black "Jacob, Eva"]
[Result "1-0"]
[WhiteElo "1635"]
[BlackElo "1500"]
[PlyCount "123"]
[EventDate "2010.??.??"]

1. d4 Nf6 2. c4 e5 3. dxe5 Ng4 4. Bf4 Nc6 5. Nf3 Bb4+ 6. Nbd2 Qe7 7. e3 Ngxe5
8. Nxe5 Nxe5 9. Be2 O-O 10. O-O Rd8 11. a3 Bxd2 12. Qxd2 d6 13. Rfd1 Ng6 14.
Bg3 Be6 15. Qc3 Rac8 16. Bf3 c6 17. Rd2 d5 18. cxd5 Bxd5 19. Bxd5 cxd5 20. Qd4
Qc5 21. Qxc5 Rxc5 22. Rad1 f5 23. f3 Ne7 24. e4 fxe4 25. fxe4 Kf7 26. Bh4 Rd7
27. Bxe7 Kxe7 28. exd5 Rd6 29. Kf2 Kf6 30. Rd3 Ke5 31. Re1+ Kf6 32. Rf3+ Kg6
33. Re6+ Rxe6 34. dxe6 Re5 35. Rb3 b6 36. Re3 Rxe3 37. Kxe3 Kf6 38. Kd4 Kxe6
39. Kc4 a6 40. Kd4 Kd6 41. b3 Ke6 42. a4 Kd6 43. b4 a5 44. b5 Ke6 45. g4 h6 46.
h4 Kd6 47. h5 Ke6 48. Ke4 Kd6 49. Kf5 Kc5 50. Kg6 Kb4 51. Kxg7 Kxa4 52. Kxh6
Kxb5 53. Kg6 a4 54. h6 a3 55. h7 a2 56. h8=Q Ka4 57. Qb2 b5 58. Qxa2+ Kb4 59.
Kf6 Kc3 60. g5 b4 61. g6 b3 62. Qxb3+ 1-0

[Event "Championnat de France des Jeunes - Pupil"]
[Site "TROYES"]
[Date "2010.04.12"]
[Round "3.8"]
[White "Rondeau, Maurene"]
[Black "Imperor, Lorene"]
[Result "0-1"]
[WhiteElo "1430"]
[BlackElo "1633"]
[PlyCount "64"]
[EventDate "2010.??.??"]

1. e4 c5 2. Bc4 Nc6 3. Nf3 d6 4. Ng5 e6 5. d3 h6 6. Nh3 Nf6 7. O-O Be7 8. Nc3
O-O 9. f4 d5 10. Bb3 d4 11. Nb5 a6 12. Na3 b5 13. c3 Bb7 14. Bd2 Rc8 15. Qc1
dxc3 16. bxc3 Qxd3 17. Bc2 Qd7 18. Rf3 Rcd8 19. Be3 Ng4 20. Rg3 Nxe3 21. Qxe3
Kh8 22. Qf3 Bh4 23. Rg4 Qe7 24. g3 Bf6 25. e5 Nxe5 26. Qe2 Nxg4 27. Qxg4 Bxc3
28. Rf1 Bd4+ 29. Nf2 c4 30. Nb1 Qc5 31. f5 exf5 32. Bxf5 Qd5 0-1

[Event "Championnat de France des Jeunes - Pupil"]
[Site "TROYES"]
[Date "2010.04.12"]
[Round "3.9"]
[White "Banat, Rizlene"]
[Black "Nicolas, Gabrielle"]
[Result "1-0"]
[WhiteElo "1608"]
[BlackElo "1420"]
[PlyCount "102"]
[EventDate "2010.??.??"]

1. Nf3 d5 2. c4 Nf6 3. cxd5 Qxd5 4. Nc3 Qa5 5. g3 Bg4 6. Bg2 Nbd7 7. Qa4 Qxa4
8. Nxa4 c6 9. d3 e6 10. O-O Bb4 11. a3 Ba5 12. b4 Bc7 13. Rb1 O-O 14. Nc5 Nxc5
15. bxc5 b6 16. cxb6 Bxb6 17. h3 Bh5 18. g4 Bg6 19. Ne5 Rab8 20. Bd2 c5 21. g5
Nd5 22. Bxd5 exd5 23. Nd7 c4 24. Nxf8 Rxf8 25. Bb4 Re8 26. Rfe1 Bf5 27. Kg2 Re6
28. Rbc1 h6 29. dxc4 Be4+ 30. f3 Bf5 31. cxd5 Rg6 32. Bd2 Bd8 33. Rc6 Bxg5 34.
Rxg6 Bxg6 35. Bxg5 hxg5 36. d6 Bf5 37. e4 Be6 38. Rd1 Bd7 39. Rd5 f6 40. Ra5
Kf7 41. Rxa7 Ke6 42. Kg3 Kxd6 43. e5+ fxe5 44. Rxd7+ Kxd7 45. Kg4 Ke6 46. Kxg5
Kd5 47. Kf5 Kd4 48. a4 g6+ 49. Kg4 Kc4 50. a5 Kb5 51. Kg5 Kc5 1-0

[Event "Championnat de France des Jeunes - Pupil"]
[Site "TROYES"]
[Date "2010.04.12"]
[Round "3.10"]
[White "Leriche, Ines"]
[Black "Dory, Manon"]
[Result "0-1"]
[WhiteElo "1536"]
[BlackElo "1604"]
[PlyCount "94"]
[EventDate "2010.??.??"]

1. d4 d5 2. c4 e6 3. Nc3 Nf6 4. cxd5 exd5 5. Bg5 Be7 6. e3 O-O 7. Bd3 b6 8. Qc2
Nbd7 9. Nf3 Bb7 10. O-O h6 11. Bh4 c5 12. Rac1 c4 13. Be2 a6 14. b3 b5 15. a4
b4 16. Na2 c3 17. Rcd1 a5 18. Bb5 Ne4 19. Bxe7 Qxe7 20. Nc1 Ndf6 21. Ne5 Qd6
22. f3 Ng5 23. Ncd3 Ne6 24. Qf2 Nc7 25. Nc5 Nxb5 26. Nxb7 Qb6 27. Nc5 Nd6 28.
Ned7 Nxd7 29. Nxd7 Qc7 30. Nxf8 Kxf8 31. Qg3 Rc8 32. Qe5 Qc6 33. Rfe1 Re8 34.
Qf4 Kg8 35. Re2 g5 36. Qg3 Kg7 37. h4 Kg6 38. hxg5 hxg5 39. f4 Ne4 40. Qg4 f5
41. Qf3 g4 42. Qf1 Ng3 43. Qf2 Nxe2+ 44. Qxe2 c2 45. Rc1 Rc8 46. Qd3 Qc3 47.
Qa6+ Rc6 0-1